LEADER 00700nam a2200193 i 4500 001 000000155909 003 CaOOAMICUS 005 20061123000000.0 008 061123n it u000 u ita u 013 $a133263 040 $aSeMil$bita 245 10$aDa Arles a Auvers. 300 $aP. 125-242 :$bill. 490 0 $aClassici dell'arte ;$v52 773 0 $tOpera pittorica completa di Van Gogh e i suoi nessi grafici.$dMilano : Rizzoli, 1977.$gVolume2$w()16894 830 0$aClassici dell'arte ;$v52.$0(OLS)http://semarc/title/529 850 $aSeMil 852 $aSeMil$W1$xVenegono$y1$m5L XI 52$j107735$B107735$CSeMilBibl$Z2$F117351 $81 996 $6245$aDa Arles a Auvers$9(OLS)http://semarc/title/228435 LEADER 01309nas a2200229 i 4500 001 000000217503 003 CaOOAMICUS 005 20121206000000.0 008 121206b1974 it uu u0 0mul r 013 $a196400 040 $aSeMil$bita 100 1 $aPigault, Gérard.$0(OLS)http://semarc/name/76744 245 10$aDevelopment and justice :$bInternational bibliography, 1972-1973 indexed by computer = Devellopment et justice : bibliographie internationale, 1972-1973 établie par ordinateur /$cGérard Pigault. 246 01$aDevellopment et justice : bibliographie internationale, 1972-1973 établie par ordinateur 260 $aStrasbourg :$bCerdic,$c1974. 300 $a41 p. ;$c21 cm. 773 0 $tRIC Supplément.$dStrasbourg : Cerdic, [198?]$w()27777 850 $aSeMil 852 $aSeMil$W1$xVenegono$y1$m2J V 56$j252986$B167917$CSeMilBibl$Z2$F178688 $81 996 $6245$aDevelopment and justice :$bInternational bibliography, 1972-1973 indexed by computer = Devellopment et justice : bibliographie internationale, 1972-1973 établie par ordinateur$9(OLS)http://semarc/title/312517 996 $6246$aDevellopment et justice : bibliographie internationale, 1972-1973 établie par ordinateur$9(OLS)http://semarc/title/312518 996 $6260$aStrasbourg :$bCerdic$9(OLS)http://semarc/publisher/30828